Human Capital Investment in the Slovak Republic

Skúmanie teórií o ľudskom kapitále a investíciách vo vzdelávaní na Slovensku. Ľudský kapitál ako ako významná časť ekonomického rastu. Analýza školského systému a výdavkov naň.

Uložené v:
Podrobná bibliografia
Hlavný autor: Vidová, Jarmila, 1967-
Médium: Kapitola
Jazyk:English
Predmet:
Tagy: Pridať tag
Žiadne tagy, Buďte prvý, kto otaguje tento záznam!

MARC

LEADER 00000naa a2200000 4500
001 0258739
005 20240717113957.9
041 0 |a eng 
044 |a DE 
245 1 0 |a Human Capital Investment in the Slovak Republic  |c Jarmila Vidová 
520 |a Skúmanie teórií o ľudskom kapitále a investíciách vo vzdelávaní na Slovensku. Ľudský kapitál ako ako významná časť ekonomického rastu. Analýza školského systému a výdavkov naň. 
610 2 0 |a vzdelávanie 
610 2 0 |a výdavky 
610 2 0 |a kapitál ľudský 
610 2 0 |a domácnosti 
100 1 |a Vidová, Jarmila, 1967-